Music Quiz

Random Music or Song Quiz

One Name Singers (A-Z) Quiz Stats

 Plays Quiz Updated Oct 4, 2018

Also try: First Names A-Z
Challenge
Share
Tweet
Embed
Score 0/26 Timer 06:00
2 Plays Today
Letter Musician % Correct
EEminem
70.9%
CCher
69.1%
FFergie
64.6%
MMadonna
62.2%
UUsher
60%
KKe$ha
59.7%
RRihanna
58%
PPrince
54.4%
NNelly
36.9%
JJewel
36%
TTiffany
31.7%
HHammer
31.4%
DDrake
31.2%
Letter Musician % Correct
AAaliyah
23.7%
LLudacris
21.8%
SSeal
21.6%
OOmarion
20.6%
IIce-T
19.5%
Wwill.i.am
13.8%
QQ-Tip
10.2%
BBjörk
9.5%
XXzibit
7.3%
GGabrielle
5.6%
YYelle
4.3%
ZZoë
3.2%
VVanity
0.7%

You're not logged in!

Compare scores with friends on all Sporcle quizzes.
OR
Log In

You Might Also Like...

Show Comments

Extras

Top Quizzes Today


Score Distribution

Your Account Isn't Verified!

In order to create a playlist on Sporcle, you need to verify the email address you used during registration. Go to your Sporcle Settings to finish the process.

Report this User

Report this user for behavior that violates our Community Guidelines.

Details: